| 000 | 01175nam a22002657a 4500 | ||
|---|---|---|---|
| 003 | OSt | ||
| 005 | 20251020200110.0 | ||
| 008 | 240205b ||||| |||| 00| 0 eng d | ||
| 040 | _c0 | ||
| 082 | _aDPer 621.317 Ie21 January 2022 v. 37 n. 1 | ||
| 100 |
_aChen, Manxin. _eauthor. _951351 |
||
| 245 |
_aSingle-source cascaded multilevel inverter with voltage-boost submodule and continuous input current for photovoltaic applications / _cManxin Chen, Yongheng Yang, Xiong Liu, Poh Chiang Loh, and Frede Blaabjerg. |
||
| 260 |
_aNew York ; _bThe Institute of Electrical and Electronics Engineers, Inc. , _cJanuary 2022. |
||
| 300 |
_aVolume 37, pages 955-970 : _billustration ; _c28 cm. |
||
| 500 | _aIEEE Transactions on Power Electronics, v. 37 n 1, pages 955-970, January 2022. | ||
| 650 | 0 |
_a Capacitors. _965717 |
|
| 650 | 0 |
_aCascaded multilevel inverter (CMI). _965905 |
|
| 650 | 0 |
_aPulse width modulation. _965747 |
|
| 700 |
_aChen, Manxin. _eauthor. _951351 |
||
| 700 |
_aYang, Yongheng. _eauthor. _951352 |
||
| 700 |
_aLiu, Xiong. _eauthor. _951353 |
||
| 700 |
_aLoh, Poh Chiang. _eauthor. _951354 |
||
| 700 |
_aBlaabjerg, Frede. _eauthor. _951355 |
||
| 942 |
_2ddc _cPER |
||
| 999 |
_c18906 _d18906 |
||